Guess the 1960s song lyrics #196 - Statistics

General Stats
  • This quiz has been taken 17 times
  • The average score is 98 of 153
Answer Stats
Answer % Correct
a
93%
And
93%
he
93%
I
93%
the
93%
to
93%
you
93%
You
93%
do
86%
Do
86%
go
86%
love
86%
there
86%
your
86%
can
79%
me
79%
tell
79%
that
79%
hear
71%
him
71%
no
71%
say
71%
want
71%
all
64%
friend
64%
have
64%
is
64%
man
64%
will
64%
with
64%
words
64%
you're
64%
can't
57%
he'll
57%
I'll
57%
Or
57%
or
57%
way
57%
we're
50%
down
43%
got
43%
I've
43%
know
43%
little
43%
make
43%
phone
43%
Put
43%
Should
43%
alone
36%
closer
36%
Let's
36%
lips
36%
pretend
36%
sweet
36%
together
36%
true
36%
turn
36%
up
36%
another
29%
low
29%
While
29%
Answer
21%
Darling
21%
Jim Reeves
21%
jukebox
21%
mind
21%
understand
21%
yes
21%
hang
14%
holding
14%
Though
14%
Whisper
14%
blind
7%
No matching quizzes found
Score Distribution
Percent of People with Each Score
Percentile by Number Answered
Your Score History
You have not taken this quiz